The finite element method: theory, implementation, and applications
I tiakina i:
| Ngā kaituhi matua: | , |
|---|---|
| Hōputu: | Pukapuka |
| Reo: | Ingarihi |
| I whakaputaina: |
Heidelberg
Springer
2013
|
| Putanga: | 1a. ed |
| Rangatū: | Texts in Computational Science and Engineering, 10
|
| Ngā marau: | |
| Ngā Tūtohu: |
Tāpirihia he Tūtohu
Kāore He Tūtohu, Me noho koe te mea tuatahi ki te tūtohu i tēnei pūkete!
|
MARC
| LEADER | 00000cam a2200000 a 4500 | ||
|---|---|---|---|
| 001 | UCE9719 | ||
| 003 | CL-VaPUC | ||
| 008 | 151106e20130000gw |||||||||||||||||eng|d | ||
| 020 | |a 9783642332869 | ||
| 082 | 0 | 4 | |a 620.0015 |b LAR |2 21 |
| 100 | 0 | |a Larson, Mats G |e author |9 582609 | |
| 700 | 0 | |a Bengzon, Fredrik |e author |9 582610 | |
| 245 | 1 | 4 | |a The finite element method: theory, implementation, and applications |
| 250 | |a 1a. ed | ||
| 300 | |a 385 p | ||
| 942 | |c BK | ||
| 945 | |d 20151106 14:16:00 |a dcastane | ||
| 260 | |a Heidelberg |b Springer |c 2013 | ||
| 650 | 7 | |a ELEMENTOS FINITOS |2 CL-VaPUC |9 423815 | |
| 650 | 0 | |a Método de elemento finito |9 327601 | |
| 583 | |a last modification |c 20151106 14:16:00 |k Rodrigo Vera | ||
| 490 | 0 | |a Texts in Computational Science and Engineering, 10 | |
| 999 | |c 361364 |d 361362 | ||
| 952 | |0 0 |1 0 |3 erd |4 0 |6 620_001500000000000_LAR_2013 |7 0 |8 A |9 471806 |a BIBMAT |b BIBMAT |i 5246504 |o 620.0015 LAR 2013 |p 5246504 |r 2025-01-07 |w 2019-11-24 |y BK |z Catalogado en:20151106 |k MAT | ||